000 01079nam1a22002171i 4500
001 rc\4935427
005 20260406150115.0
035 _a(NLR Aleph) 008848498
090 _a8385652
_c8385652
100 _a20130426d1965 |||y0rusy50 ca
101 0 _arus
102 _aRU
105 _ay z |||||
200 1 _aСборник задач для практических занятий по советскому уголовному процессу
_e[В 12 вып.]
_eВып. 6
_fМ-во высш. и сред. спец. образ. КазССР. Каз. гос. ун-т им. С.М. Кирова. Кафедра уголовного процесса и криминалистики юрид. фак.
210 _aАлма-Ата
_cБ. и.
_d1965
215 _d22
712 0 2 _aКазахский университет им. С. М. Кирова
_bКафедра уголовного процесса и криминалистики
_cАлма-Ата
_9346855
_3RU\NLR\AUTH\889925530
801 0 _aRU
_bNLR
_gpsbo
801 1 _aRU
_bELAR
_2rusmarc
852 _aNLR
_j65-6/15753
942 _cBOOK